[Event "2. Bundesliga West 2015/16"]
[Site "Voels Theatersaal"]
[Date "2016.01.22"]
[Round "6"]
[Board "1"]
[White "Krivoborodov, Egor"]
[Black "Graf, Felix"]
[Result "1/2-1/2"]
[WhiteElo "2522"]
[BlackElo "2478"]
[PlyCount "73"]
[EventDate "2015.10.16"]
[EventType "team"]
[EventRounds "11"]
[EventCountry "AUT"]
[WhiteTeam "ASK Salzburg"]
[BlackTeam "Bregenz"]

1. g3 d5 2. Nf3 Nf6 3. Bg2 g6 4. O-O Bg7 5. c4 c6 6. d4 O-O 7. Qb3 a5 8. c5 a4
9. Qa3 Bg4 10. Nc3 Nfd7 11. Rd1 Bxf3 12. Bxf3 e5 13. Be3 Qa5 14. Rac1 exd4 15.
Bxd4 Bxd4 16. Rxd4 Qxc5 17. Qxc5 Nxc5 18. e4 dxe4 19. Nxe4 Nxe4 20. Bxe4 Ra7
21. Rc3 Re8 22. Bf3 Kg7 23. Kg2 Re5 24. Ra3 b5 25. Rd8 Na6 26. Bxc6 Nb4 27. Rc8
Nxc6 28. Rxc6 Re2 29. b3 axb3 30. Rxb3 Raxa2 31. Rf3 Re7 32. Rb6 Rb2 33. g4 h6
34. h3 Re6 35. Rb7 Rf6 36. h4 Rxf3 37. Kxf3 1/2-1/2

[Event "2. Bundesliga West 2015/16"]
[Site "Voels Theatersaal"]
[Date "2016.01.22"]
[Round "6"]
[Board "2"]
[White "Jorczik, Julian"]
[Black "Besner, Bernhard"]
[Result "1-0"]
[WhiteElo "2385"]
[BlackElo "2211"]
[PlyCount "71"]
[EventDate "2015.10.16"]
[EventType "team"]
[EventRounds "11"]
[EventCountry "AUT"]
[WhiteTeam "Bregenz"]
[BlackTeam "ASK Salzburg"]

1. d4 d5 2. c4 e6 3. Nc3 c5 4. cxd5 exd5 5. Nf3 Nc6 6. g3 Nf6 7. Bg2 Be7 8. O-O
O-O 9. Bf4 c4 10. Ne5 h6 11. b3 cxb3 12. axb3 Bf5 13. Nxc6 bxc6 14. Ra6 Qd7 15.
Qa1 Qb7 16. Qa4 Bc8 17. Rxc6 Bd7 18. Nxd5 Nxd5 19. Bxd5 Rad8 20. Qc4 Bxc6 21.
Bxc6 Qb4 22. d5 a5 23. e4 f6 24. Qxb4 axb4 25. Bc7 Rc8 26. d6 Bd8 27. Bd5+ Kh7
28. Rc1 Re8 29. d7 Be7 30. dxe8=Q Rxe8 31. Bf4 g5 32. Be3 Kg6 33. Rc7 f5 34.
Rc6+ Kg7 35. Bd4+ Kf8 36. Rxh6 1-0

[Event "2. Bundesliga West 2015/16"]
[Site "Voels Theatersaal"]
[Date "2016.01.22"]
[Round "6"]
[Board "3"]
[White "Roth, Peter"]
[Black "Weindl, Alfred"]
[Result "1/2-1/2"]
[WhiteElo "2119"]
[BlackElo "2331"]
[PlyCount "54"]
[EventDate "2015.10.16"]
[EventType "team"]
[EventRounds "11"]
[EventCountry "AUT"]
[WhiteTeam "ASK Salzburg"]
[BlackTeam "Bregenz"]

1. e4 c5 2. Nc3 Nc6 3. Bb5 Nd4 4. Bc4 e6 5. Nf3 Ne7 6. O-O Nec6 7. d3 Be7 8.
Nxd4 cxd4 9. Ne2 O-O 10. Ng3 a6 11. Bb3 Kh8 12. f4 b5 13. f5 Bg5 14. Qh5 Bxc1
15. Raxc1 f6 16. Rf4 Ne5 17. Rcf1 Qe8 18. Qh3 Qe7 19. Ne2 a5 20. a3 Rb8 21. Rh4
g5 22. fxg6 Nxg6 23. Rh6 Qg7 24. Nf4 Nxf4 25. Rxf4 Qe7 26. Rfh4 Rf7 27. Qg3 Rb7
 1/2-1/2

[Event "2. Bundesliga West 2015/16"]
[Site "Voels Theatersaal"]
[Date "2016.01.22"]
[Round "6"]
[Board "4"]
[White "Dobosz, Henryk"]
[Black "Juergens, Klaus"]
[Result "1-0"]
[WhiteElo "2389"]
[BlackElo "2161"]
[PlyCount "67"]
[EventDate "2015.10.16"]
[EventType "team"]
[EventRounds "11"]
[EventCountry "AUT"]
[WhiteTeam "Bregenz"]
[BlackTeam "ASK Salzburg"]

1. d4 g6 2. e4 Bg7 3. c3 d6 4. f4 Nd7 5. Nf3 Ngf6 6. e5 Nd5 7. Bc4 N7b6 8. Bb3
c6 9. O-O Bg4 10. h3 Bxf3 11. Qxf3 Qd7 12. Nd2 O-O-O 13. Ne4 f6 14. exd6 exd6
15. f5 Rhe8 16. Bd2 Qxf5 17. Qxf5+ gxf5 18. Ng3 f4 19. Bxf4 Nxf4 20. Rxf4 Nd7
21. Nf5 Bf8 22. Kf2 d5 23. Bd1 Kc7 24. Bh5 Re6 25. Bf7 Bd6 26. Rh4 Re4 27. Rxe4
dxe4 28. Re1 Rf8 29. Be6 c5 30. Rxe4 cxd4 31. Bxd7 dxc3 32. Nxd6 Kxd7 33. Nb5
c2 34. Re1 1-0

[Event "2. Bundesliga West 2015/16"]
[Site "Voels Theatersaal"]
[Date "2016.01.22"]
[Round "6"]
[Board "5"]
[White "Loeffler, Christoph"]
[Black "Bezler, Rainer"]
[Result "1/2-1/2"]
[WhiteElo "2159"]
[BlackElo "2215"]
[PlyCount "102"]
[EventDate "2015.10.16"]
[EventType "team"]
[EventRounds "11"]
[EventCountry "AUT"]
[WhiteTeam "ASK Salzburg"]
[BlackTeam "Bregenz"]

1. e4 d6 2. d4 Nf6 3. Nc3 g6 4. f4 Bg7 5. Nf3 c5 6. d5 O-O 7. Be2 b5 8. Nxb5
Nxe4 9. O-O Nd7 10. Bd3 Nef6 11. c4 Nb6 12. f5 a6 13. Nc3 Bxf5 14. Bxf5 gxf5
15. Qd3 Qd7 16. Nh4 e6 17. a4 Kh8 18. a5 Nc8 19. Bg5 Rb8 20. Qh3 Re8 21. Na4
Ne4 22. Be3 Rb4 23. Nc3 Rxc4 24. dxe6 fxe6 25. Nxe4 Rxe4 26. Rad1 Qa4 27. Bg5
Qxa5 28. Nf3 Qc7 29. Bc1 Nb6 30. Ng5 Bd4+ 31. Kh1 Rg4 32. Qh5 Re7 33. h3 Rg3
34. Bf4 Rb3 35. Qh6 Qd8 36. Bxd6 Rg7 37. Nxe6 Qe8 38. Rxd4 Rg6 39. Be5+ Kg8 40.
Qh4 cxd4 41. Nxd4 Qa8 42. Qf2 Rxh3+ 43. Kg1 Rh5 44. Qe2 Rgh6 45. Rxf5 Rxf5 46.
Nxf5 Qf8 47. Nxh6+ Qxh6 48. Qg4+ Qg6 49. Qd4 Kf7 50. Bc7 Nc8 51. Qc4+ Qe6
 1/2-1/2

[Event "2. Bundesliga West 2015/16"]
[Site "Voels Theatersaal"]
[Date "2016.01.22"]
[Round "6"]
[Board "6"]
[White "Poettinger, Harald"]
[Black "Herrmann, Michael"]
[Result "1-0"]
[WhiteElo "2212"]
[BlackElo "2103"]
[PlyCount "79"]
[EventDate "2015.10.16"]
[EventType "team"]
[EventRounds "11"]
[EventCountry "AUT"]
[WhiteTeam "Bregenz"]
[BlackTeam "ASK Salzburg"]

1. c4 c6 2. g3 d5 3. Nf3 Nf6 4. Bg2 Bf5 5. cxd5 cxd5 6. Qb3 Qc8 7. Nc3 e6 8.
O-O h6 9. d3 Nc6 10. Bf4 g5 11. Be3 Be7 12. Nd4 Bg6 13. Rac1 Qd7 14. Nxc6 bxc6
15. Na4 O-O 16. Bc5 Rfc8 17. Qa3 Bd8 18. Rc2 Qe8 19. Rfc1 Nd7 20. Bd6 Nb6 21.
Nc5 Bf6 22. Nb3 Nc4 23. dxc4 Bxc2 24. Rxc2 Qd8 25. e4 a5 26. e5 Bg7 27. Nd4 Qb6
28. Qe3 Rd8 29. c5 Qb7 30. f4 gxf4 31. gxf4 Kh8 32. f5 exf5 33. Nxf5 Kh7 34.
Bf1 Rg8 35. Kh1 Qb4 36. Bd3 Kh8 37. Nxh6 Rgf8 38. Rg2 f6 39. Qh3 Qe1+ 40. Rg1
 1-0

[Event "2. Bundesliga West 2015/16"]
[Site "Voels Theatersaal"]
[Date "2016.01.22"]
[Round "6"]
[Board "1"]
[White "Bertagnolli, Alexander"]
[Black "Froewis, Georg"]
[Result "1-0"]
[WhiteElo "2343"]
[BlackElo "2434"]
[PlyCount "131"]
[EventDate "2015.10.16"]
[EventType "team"]
[EventRounds "11"]
[EventCountry "AUT"]
[WhiteTeam "Kufstein/Woergl"]
[BlackTeam "Hohenems II"]

1. e4 e6 2. d4 d5 3. exd5 exd5 4. Qf3 Nf6 5. h3 c5 6. Bb5+ Bd7 7. Bxd7+ Nbxd7
8. Ne2 Be7 9. Nbc3 cxd4 10. Nxd4 O-O 11. O-O Ne5 12. Qg3 Ng6 13. Nf5 Bb4 14.
Bg5 Rc8 15. Qf3 Bxc3 16. bxc3 Rc6 17. Rad1 h6 18. Bxf6 Qxf6 19. Rxd5 Qxc3 20.
Ne3 Rf6 21. Qg4 Re8 22. Rfd1 Rxf2 23. Rd8 Rxd8 24. Rxd8+ Kh7 25. Kxf2 Qf6+ 26.
Ke2 Qxd8 27. Qf5 Qc7 28. h4 Kg8 29. Qe4 Nf4+ 30. Kf3 Ne6 31. Nc4 Qc5 32. Ne3
Qc7 33. Nc4 h5 34. g3 Qc5 35. Ne3 g6 36. c4 Nd4+ 37. Kg2 Qc6 38. Nd5 Nf5 39.
Qe5 Qd6 40. Qc3 Qe6 41. Kf3 Nd6 42. Qd4 Qg4+ 43. Qxg4 hxg4+ 44. Kxg4 Nxc4 45.
Kf4 Kg7 46. g4 f6 47. Ke4 Nd6+ 48. Kd4 Nf7 49. Ne3 Ne5 50. Kd5 Nf3 51. Ng2 a5
52. Kc5 Ne5 53. Kb5 Nxg4 54. Kxa5 Ne5 55. Kb6 Nc4+ 56. Kxb7 Na3 57. Kc6 Kh6 58.
Kc5 f5 59. Ne1 Kh5 60. Kb4 Nb1 61. a4 Nd2 62. a5 Ne4 63. a6 Nf6 64. a7 Nd5+ 65.
Kc5 Nc7 66. Kc6 1-0

[Event "2. Bundesliga West 2015/16"]
[Site "Voels Theatersaal"]
[Date "2016.01.22"]
[Round "6"]
[Board "2"]
[White "Baldauf, Marco"]
[Black "Koepke, Christian"]
[Result "1/2-1/2"]
[WhiteElo "2420"]
[BlackElo "2322"]
[PlyCount "68"]
[EventDate "2015.10.16"]
[EventType "team"]
[EventRounds "11"]
[EventCountry "AUT"]
[WhiteTeam "Hohenems II"]
[BlackTeam "Kufstein/Woergl"]

1. d4 Nf6 2. c4 g6 3. f3 Bg7 4. e4 O-O 5. Be3 d6 6. Ne2 c5 7. Nbc3 Qa5 8. Nc1
cxd4 9. Nb3 Qh5 10. Nxd4 Nc6 11. Qd2 Nxd4 12. Bxd4 Be6 13. Be2 Qa5 14. Nb5
Qxd2+ 15. Kxd2 Nd7 16. Bxg7 Kxg7 17. f4 Rfc8 18. b3 Nc5 19. Nc3 a5 20. Rab1 f5
21. exf5 gxf5 22. Rhe1 Kf6 23. Bf3 Bf7 24. Re3 e5 25. Nd5+ Bxd5 26. Bxd5 exf4
27. Rh3 Ne4+ 28. Kc2 Rc7 29. Rf1 Rg7 30. g3 Ng5 31. Rh6+ Rg6 32. Rxg6+ hxg6 33.
gxf4 Ne6 34. Bxe6 Kxe6 1/2-1/2

[Event "2. Bundesliga West 2015/16"]
[Site "Voels Theatersaal"]
[Date "2016.01.22"]
[Round "6"]
[Board "3"]
[White "Maurer, Jochen"]
[Black "Burschowsky, Matthias"]
[Result "1-0"]
[WhiteElo "2254"]
[BlackElo "2208"]
[PlyCount "63"]
[EventDate "2015.10.16"]
[EventType "team"]
[EventRounds "11"]
[EventCountry "AUT"]
[WhiteTeam "Kufstein/Woergl"]
[BlackTeam "Hohenems II"]

1. e4 c5 2. Nf3 e6 3. c3 d5 4. exd5 Qxd5 5. d4 Nf6 6. Be3 cxd4 7. cxd4 Nc6 8.
Nc3 Qd6 9. Bd3 Be7 10. a3 O-O 11. O-O Rd8 12. Qe2 b6 13. Rad1 Bb7 14. Rfe1 Rac8
15. Bg5 h6 16. Bxf6 Bxf6 17. d5 exd5 18. Bf5 Ra8 19. Nxd5 Bd4 20. Be4 Re8 21.
Nxd4 Nxd4 22. Rxd4 Qc5 23. Rc4 Rxe4 24. Qxe4 Qxd5 25. Qxd5 Bxd5 26. Rc7 Be6 27.
Rd1 b5 28. Rb7 Bb3 29. Rd2 a6 30. Rbd7 Kh7 31. Rd8 Ra7 32. R2d7 1-0

[Event "2. Bundesliga West 2015/16"]
[Site "Voels Theatersaal"]
[Date "2016.01.22"]
[Round "6"]
[Board "4"]
[White "Gaertner, Guntram"]
[Black "Rusche, Johannes"]
[Result "1/2-1/2"]
[WhiteElo "2226"]
[BlackElo "2274"]
[PlyCount "82"]
[EventDate "2015.10.16"]
[EventType "team"]
[EventRounds "11"]
[EventCountry "AUT"]
[WhiteTeam "Hohenems II"]
[BlackTeam "Kufstein/Woergl"]

1. d4 Nf6 2. Nf3 e6 3. Bg5 Be7 4. Nbd2 d5 5. e3 c5 6. c3 Nbd7 7. Be2 O-O 8. O-O
Re8 9. Re1 Qb6 10. Qb3 Qc7 11. Bf4 Bd6 12. Bxd6 Qxd6 13. Bb5 Rd8 14. Bxd7 Bxd7
15. Ne5 Bc6 16. f4 a6 17. a4 Rac8 18. Qd1 Be8 19. a5 Nd7 20. Nxd7 Bxd7 21. g3
f6 22. Nb3 c4 23. Nc5 Bc6 24. b4 Rc7 25. Ra2 Re7 26. Rf2 Rde8 27. Ref1 e5 28.
fxe5 fxe5 29. Qf3 h6 30. Qh5 exd4 31. exd4 Re1 32. Qf7+ Kh7 33. Kg2 Rxf1 34.
Qf5+ Kg8 35. Rxf1 Re3 36. Rf3 Re2+ 37. Rf2 Re3 38. Rf3 Re2+ 39. Rf2 Re3 40.
Qf7+ Kh7 41. Qf5+ Kg8 1/2-1/2

[Event "2. Bundesliga West 2015/16"]
[Site "Voels Theatersaal"]
[Date "2016.01.22"]
[Round "6"]
[Board "5"]
[White "Neuschmied, Siegfried"]
[Black "Atlas, Dmitry"]
[Result "0-1"]
[WhiteElo "2246"]
[BlackElo "2220"]
[PlyCount "52"]
[EventDate "2015.10.16"]
[EventType "team"]
[EventRounds "11"]
[EventCountry "AUT"]
[WhiteTeam "Kufstein/Woergl"]
[BlackTeam "Hohenems II"]

1. e4 e6 2. d4 d5 3. Nd2 Nf6 4. e5 Nfd7 5. Bd3 c5 6. c3 Nc6 7. Ne2 cxd4 8. cxd4
f6 9. exf6 Qxf6 10. Nf3 h6 11. Qc2 Bd6 12. Bg6+ Ke7 13. Bd2 Rd8 14. h4 Nf8 15.
Bd3 Bd7 16. h5 Rac8 17. Qb3 Kf7 18. Rh4 Kg8 19. Bf4 Nxd4 20. Nexd4 Bxf4 21.
Qxb7 Rb8 22. Qxa7 Rxb2 23. Rd1 Bd6 24. Qa6 e5 25. Ne2 e4 26. Bxe4 dxe4 0-1

[Event "2. Bundesliga West 2015/16"]
[Site "Voels Theatersaal"]
[Date "2016.01.22"]
[Round "6"]
[Board "6"]
[White "Sandholzer, Robert"]
[Black "Anibas, Juergen"]
[Result "1/2-1/2"]
[WhiteElo "2175"]
[BlackElo "1955"]
[PlyCount "80"]
[EventDate "2015.10.16"]
[EventType "team"]
[EventRounds "11"]
[EventCountry "AUT"]
[WhiteTeam "Hohenems II"]
[BlackTeam "Kufstein/Woergl"]

1. e4 e6 2. d4 d5 3. Nc3 Bb4 4. exd5 exd5 5. Bd3 c6 6. Nge2 Ne7 7. Ng3 O-O 8.
O-O Nd7 9. Bg5 f6 10. Be3 f5 11. Nh5 g6 12. Nf4 Nf6 13. f3 g5 14. Nfe2 f4 15.
Bf2 Bd6 16. Qd2 Qc7 17. Rae1 Bd7 18. Nd1 b5 19. c3 Kh8 20. b3 Rae8 21. Qc2 Rg8
22. Kh1 Ref8 23. c4 bxc4 24. bxc4 Bb4 25. Ndc3 g4 26. Bh4 Ng6 27. Bxf6+ Rxf6
28. Ng1 Nh4 29. Re2 Bxc3 30. Qxc3 Qd6 31. Qe1 gxf3 32. Nxf3 Nxf3 33. Rxf3 Bg4
34. Re7 Rh6 35. Rf1 f3 36. g3 Rf8 37. Re8 dxc4 38. Bxc4 Rhf6 39. Qe4 h5 40. Rf2
Bf5 1/2-1/2

[Event "2. Bundesliga West 2015/16"]
[Site "Voels Theatersaal"]
[Date "2016.01.23"]
[Round "7"]
[Board "1"]
[White "Nestorovic, Nikola"]
[Black "Votava, Jan"]
[Result "1/2-1/2"]
[WhiteElo "2470"]
[BlackElo "2524"]
[PlyCount "44"]
[EventDate "2015.10.16"]
[EventType "team"]
[EventRounds "11"]
[EventCountry "AUT"]
[WhiteTeam "SIR Bernhard 2"]
[BlackTeam "Zillertal"]

1. e4 e5 2. Nf3 Nc6 3. Bb5 a6 4. Ba4 Nf6 5. O-O Be7 6. d3 d6 7. c3 O-O 8. Re1
b5 9. Bc2 Bb7 10. h3 d5 11. Be3 d4 12. cxd4 exd4 13. Bf4 Nb4 14. Bb3 c5 15. a3
Nc6 16. Nbd2 a5 17. Rc1 a4 18. Ba2 Bc8 19. Bg5 Be6 20. Bxf6 gxf6 21. Bxe6 fxe6
22. b4 axb3 {nicht mehr lesbar} 1/2-1/2

[Event "2. Bundesliga West 2015/16"]
[Site "Voels Theatersaal"]
[Date "2016.01.23"]
[Round "7"]
[Board "2"]
[White "Lanka, Zigurds"]
[Black "Durakovic, Alman"]
[Result "1-0"]
[WhiteElo "2422"]
[BlackElo "2314"]
[PlyCount "161"]
[EventDate "2015.10.16"]
[EventType "team"]
[EventRounds "11"]
[EventCountry "AUT"]
[WhiteTeam "Zillertal"]
[BlackTeam "SIR Bernhard 2"]

1. e4 c6 2. d4 d5 3. exd5 cxd5 4. c4 Nf6 5. Nc3 Nc6 6. Bg5 e6 7. Nf3 Be7 8. c5
O-O 9. Bb5 Ne4 10. Bxe7 Nxe7 11. Rc1 b6 12. c6 Qd6 13. O-O a6 14. Bd3 Nxc6 15.
Nxe4 dxe4 16. Bxe4 Bb7 17. Rc3 h6 18. a3 Rad8 19. Re1 Ba8 20. h3 Ne7 21. Bxa8
Rxa8 22. Qa4 b5 23. Qc2 b4 24. Rc5 Rab8 25. a4 Rfd8 26. Rc1 Qf4 27. Qd3 Nf5 28.
R1c4 Nd6 29. Rc2 Nf5 30. g3 Qd6 31. Rc6 Qd7 32. R2c4 a5 33. b3 Rbc8 34. Ne5 Qe8
35. g4 Ne7 36. R6c5 f6 37. Nf3 Rxc5 38. Rxc5 Nd5 39. Rxa5 Nf4 40. Qe4 Nxh3+ 41.
Kg2 Ng5 42. Nxg5 hxg5 43. Rb5 Qd7 44. Rxb4 f5 45. Qb7 Qd6 46. gxf5 exf5 47. Rc4
g4 48. Rc8 f4 49. Qa8 Rxc8 50. Qxc8+ Kf7 51. Qf5+ Kg8 52. Qc8+ Kh7 53. Qxg4
Qxd4 54. Qf5+ g6 55. Qe6 Qd2 56. Qe4 Qd1 57. Qf3 Qd2 58. Kh3 Qd7+ 59. Kh2 Qd2
60. Kg2 Kh6 61. Qe4 g5 62. Qf5 Qa2 63. Qh3+ Kg6 64. Qd3+ Kf6 65. Qc3+ Kf5 66.
Qd3+ Kf6 67. Kf3 Qa1 68. Qd6+ Kf5 69. Qd5+ Kf6 70. Kg2 g4 71. a5 f3+ 72. Kh2
Qf1 73. Qc6+ Kf5 74. Qc5+ Kf6 75. Kg3 Qg1+ 76. Kf4 Ke6 77. a6 g3 78. a7 gxf2
79. Qc4+ Kf6 80. a8=Q f1=Q 81. Qf8+ 1-0

[Event "2. Bundesliga West 2015/16"]
[Site "Voels Theatersaal"]
[Date "2016.01.23"]
[Round "7"]
[Board "3"]
[White "Wieneroiter, Gerald"]
[Black "Hausner, Ivan"]
[Result "0-1"]
[WhiteElo "2140"]
[BlackElo "2332"]
[PlyCount "98"]
[EventDate "2015.10.16"]
[EventType "team"]
[EventRounds "11"]
[EventCountry "AUT"]
[WhiteTeam "SIR Bernhard 2"]
[BlackTeam "Zillertal"]

1. Nf3 c5 2. c3 Nf6 3. d4 e6 4. e3 b6 5. Nbd2 Be7 6. Be2 O-O 7. O-O Ba6 8. Bxa6
Nxa6 9. Qe2 Qc8 10. e4 cxd4 11. cxd4 Nb4 12. a3 Qa6 13. Qxa6 Nxa6 14. e5 Nd5
15. Ne4 Nb8 16. Bg5 f6 17. exf6 gxf6 18. Bd2 Rc8 19. Nc3 Nxc3 20. Bxc3 Na6 21.
d5 Nc5 22. dxe6 dxe6 23. Rfe1 Kf7 24. a4 Rd8 25. Kf1 Rac8 26. Nd2 Nd3 27. Red1
Rxc3 28. bxc3 Nb2 29. Ke2 Nxd1 30. Kxd1 Rc8 31. Kc2 Bb4 32. Ne4 f5 33. Kb3 Be7
34. Nd2 Bc5 35. Nc4 Rg8 36. Ne5+ Ke7 37. g3 Bxf2 38. Nc6+ Kf6 39. Nxa7 h5 40.
Rf1 Bc5 41. Rf4 Rg4 42. Rxg4 hxg4 43. Nc8 Ke5 44. Kc4 f4 45. a5 f3 46. axb6 f2
47. b7 Ba7 48. Nxa7 f1=Q+ 49. Kc5 Qf2+ 0-1

[Event "2. Bundesliga West 2015/16"]
[Site "Voels Theatersaal"]
[Date "2016.01.23"]
[Round "7"]
[Board "4"]
[White "Tabernig, Bernhard"]
[Black "Berger, Kaspar"]
[Result "1-0"]
[WhiteElo "2328"]
[BlackElo "2051"]
[PlyCount "85"]
[EventDate "2015.10.16"]
[EventType "team"]
[EventRounds "11"]
[EventCountry "AUT"]
[WhiteTeam "Zillertal"]
[BlackTeam "SIR Bernhard 2"]

1. d4 d5 2. c4 e6 3. Nc3 Nf6 4. cxd5 exd5 5. Bg5 c6 6. e3 Nbd7 7. Qc2 Be7 8.
Bd3 O-O 9. Nge2 h6 10. Bh4 Ne8 11. Bg3 Ndf6 12. O-O Be6 13. Nf4 Rc8 14. Na4 Qa5
15. a3 Bd7 16. b4 Qd8 17. Nc5 Bxc5 18. bxc5 g5 19. Ne2 Nh5 20. Rfb1 b5 21. a4
a6 22. axb5 axb5 23. Ra7 Ra8 24. Rba1 Rxa7 25. Rxa7 Nxg3 26. Nxg3 Ng7 27. e4
Be6 28. e5 Qc8 29. h3 Rd8 30. Qa2 Nf5 31. Bxf5 Bxf5 32. Qa5 Rf8 33. Rc7 Qe6 34.
Nh5 Rc8 35. Nf6+ Kg7 36. Ra7 Bg6 37. g4 h5 38. Qd2 hxg4 39. hxg4 Rb8 40. Qxg5
Qc8 41. Nh5+ Kg8 42. Rxf7 Kxf7 43. Qf6+ 1-0

[Event "2. Bundesliga West 2015/16"]
[Site "Voels Theatersaal"]
[Date "2016.01.23"]
[Round "7"]
[Board "5"]
[White "Prodinger, Johannes"]
[Black "Schiestl, Josef"]
[Result "0-1"]
[WhiteElo "1911"]
[BlackElo "2128"]
[PlyCount "62"]
[EventDate "2015.10.16"]
[EventType "team"]
[EventRounds "11"]
[EventCountry "AUT"]
[WhiteTeam "SIR Bernhard 2"]
[BlackTeam "Zillertal"]

1. d4 Nf6 2. c4 g6 3. g3 Bg7 4. Bg2 d6 5. Nf3 O-O 6. O-O a6 7. Nc3 Nc6 8. h3
Bd7 9. e4 e5 10. Be3 exd4 11. Nxd4 Re8 12. Re1 Ne5 13. b3 c5 14. Nde2 b5 15. f4
Nc6 16. Qxd6 b4 17. e5 bxc3 18. Nxc3 Re6 19. Qd2 Nh5 20. g4 Nxf4 21. Bxf4 Ra7
22. Bd5 Nxe5 23. Bxe5 Rxe5 24. Ne4 Qe7 25. Rad1 h5 26. Nd6 Be6 27. Bxe6 Qxe6
28. Rxe5 Bxe5 29. Qd5 Bd4+ 30. Kh1 Qe2 31. Rb1 Be5 0-1

[Event "2. Bundesliga West 2015/16"]
[Site "Voels Theatersaal"]
[Date "2016.01.23"]
[Round "7"]
[Board "6"]
[White "Kroell, Johannes"]
[Black "Jakob, Tobias"]
[Result "1-0"]
[WhiteElo "2196"]
[BlackElo "1883"]
[PlyCount "147"]
[EventDate "2015.10.16"]
[EventType "team"]
[EventRounds "11"]
[EventCountry "AUT"]
[WhiteTeam "Zillertal"]
[BlackTeam "SIR Bernhard 2"]

1. Nc3 c5 2. e4 g6 3. d3 Bg7 4. Be3 d6 5. g4 Nc6 6. Bg2 Nd4 7. h3 e6 8. Nge2
Ne7 9. O-O Nec6 10. Nf4 Bd7 11. Qd2 O-O 12. Nd1 a6 13. c3 Nb5 14. Ne2 Rc8 15.
f4 f5 16. a4 Nc7 17. Nf2 Qe7 18. a5 d5 19. e5 Rfd8 20. d4 cxd4 21. Nxd4 Nxd4
22. Bxd4 Nb5 23. Bb6 Re8 24. gxf5 gxf5 25. Kh2 Kh8 26. Nd3 Rg8 27. Qf2 Qf7 28.
Bf3 Bf8 29. Qe2 Be7 30. Rae1 Rg7 31. Bxd5 exd5 32. e6 Bxe6 33. Qxe6 Qxe6 34.
Rxe6 Rcg8 35. Rf2 Bh4 36. Rfe2 Rg6 37. Rxg6 Rxg6 38. Re5 Rg3 39. Nb4 Rf3 40.
Nxd5 Rd3 41. Rxf5 Rd2+ 42. Kg1 Rxb2 43. Rf7 Rd2 44. c4 Nd4 45. Bxd4+ Rxd4 46.
Nb6 Be1 47. Nd5 Bh4 48. Ne3 Be1 49. Nc2 Re4 50. Nxe1 Rxe1+ 51. Kf2 Re4 52. c5
Rc4 53. Rf5 Ra4 54. Ke3 Rxa5 55. Kd4 Kg7 56. Rd5 Rb5 57. Ke5 a5 58. f5 Rb1 59.
Rd7+ Kf8 60. Kf6 Ke8 61. Rxh7 a4 62. Rh8+ Kd7 63. Ra8 Ra1 64. h4 Kc6 65. Ra5 a3
66. Kf7 Rh1 67. Rxa3 Rxh4 68. Rc3 Rg4 69. f6 b6 70. cxb6+ Kxb6 71. Kf8 Rg1 72.
f7 Rg2 73. Re3 Kc6 74. Ke8 1-0

[Event "2. Bundesliga West 2015/16"]
[Site "Voels Theatersaal"]
[Date "2016.01.23"]
[Round "7"]
[Board "1"]
[White "Zelcic, Robert"]
[Black "Zelbel, Patrick"]
[Result "1/2-1/2"]
[WhiteElo "2553"]
[BlackElo "2441"]
[PlyCount "153"]
[EventDate "2015.10.16"]
[EventType "team"]
[EventRounds "11"]
[EventCountry "AUT"]
[WhiteTeam "Schwarzach"]
[BlackTeam "SPG Voels/HAK/HAS Innsbruck"]

1. e4 e5 2. Nf3 Nc6 3. d4 exd4 4. Bc4 Nf6 5. e5 d5 6. Bb5 Nd7 7. O-O Be7 8.
Bxc6 bxc6 9. Nxd4 Nb8 10. Nc3 O-O 11. Qf3 Bd7 12. Re1 a5 13. Bd2 Na6 14. Rad1
Nc5 15. Bc1 Rb8 16. Nf5 Bxf5 17. Qxf5 Qc8 18. Qxc8 Rfxc8 19. Ne2 Ne6 20. Nd4
Nxd4 21. Rxd4 f6 22. e6 Rb4 23. Rd3 Re8 24. b3 Bd6 25. g3 a4 26. f3 axb3 27.
cxb3 Ra8 28. a4 Kf8 29. Bd2 Rb6 30. Be3 Rb7 31. Rc1 Ra6 32. f4 Ke7 33. f5 g6
34. g4 Rb4 35. h3 gxf5 36. gxf5 Rh4 37. Bc5 Bxc5+ 38. Rxc5 Rf4 39. b4 Rxf5 40.
b5 Rxa4 41. Rxc6 Rb4 42. Rg3 Rg5 43. Rxg5 fxg5 44. Rxc7+ Kxe6 45. Rxh7 Rxb5 46.
Kf2 Rb4 47. Rg7 Kf5 48. Rf7+ Ke5 49. Re7+ Kf4 50. Rf7+ Ke4 51. Re7+ Kd3 52. Re5
Rf4+ 53. Kg3 d4 54. Rxg5 Rf1 55. Re5 Kc4 56. Re8 d3 57. Rc8+ Kb4 58. Rd8 Kc3
59. Rc8+ Kb4 60. Rd8 Kc3 61. Rc8+ Kb3 62. Rb8+ Kc2 63. Rc8+ Kd1 64. h4 d2 65.
h5 Ke2 66. Re8+ Kd3 67. Rd8+ Kc3 68. Kg4 d1=Q+ 69. Rxd1 Rxd1 70. h6 Kd4 71. Kf5
Kd5 72. h7 Rh1 73. Kg6 Ke6 74. Kg7 Rg1+ 75. Kf8 Rh1 76. Kg7 Rxh7+ 77. Kxh7
 1/2-1/2

[Event "2. Bundesliga West 2015/16"]
[Site "Voels Theatersaal"]
[Date "2016.01.23"]
[Round "7"]
[Board "2"]
[White "Berchtenbreiter, Maximilian"]
[Black "Krstic, Uros"]
[Result "0-1"]
[WhiteElo "2384"]
[BlackElo "2428"]
[PlyCount "70"]
[EventDate "2015.10.16"]
[EventType "team"]
[EventRounds "11"]
[EventCountry "AUT"]
[WhiteTeam "SPG Voels/HAK/HAS Innsbruck"]
[BlackTeam "Schwarzach"]

1. b3 d6 2. Bb2 Nd7 3. g3 Ngf6 4. Bg2 g6 5. Nf3 Bg7 6. O-O O-O 7. c4 e5 8. d4
exd4 9. Bxd4 Nc5 10. Qc2 Re8 11. Rd1 Qe7 12. b4 Bf5 13. Qb2 Na4 14. Qb3 Nb6 15.
Nc3 c5 16. bxc5 dxc5 17. Be5 Rad8 18. Nb5 Rxd1+ 19. Rxd1 Be6 20. Rc1 Nxc4 21.
Rxc4 a6 22. Nd6 b5 23. Nxb5 Bxc4 24. Qxc4 axb5 25. Qxb5 Ne4 26. Bxg7 Kxg7 27.
Qc4 Qf6 28. h4 Qc3 29. Qb5 Rd8 30. Qa4 c4 31. Qa7 Nd2 32. Ng5 Qf6 33. Qc7 Re8
34. e4 h6 35. e5 Rxe5 0-1

[Event "2. Bundesliga West 2015/16"]
[Site "Voels Theatersaal"]
[Date "2016.01.23"]
[Round "7"]
[Board "3"]
[White "Brumen, Dinko"]
[Black "Wachinger, Guenther"]
[Result "1-0"]
[WhiteElo "2359"]
[BlackElo "2233"]
[PlyCount "73"]
[EventDate "2015.10.16"]
[EventType "team"]
[EventRounds "11"]
[EventCountry "AUT"]
[WhiteTeam "Schwarzach"]
[BlackTeam "SPG Voels/HAK/HAS Innsbruck"]

1. d4 c5 2. d5 g6 3. Nf3 Bg7 4. g3 d6 5. Bg2 Nf6 6. O-O O-O 7. Re1 b5 8. a4 b4
9. a5 Na6 10. e4 Nc7 11. Nbd2 Rb8 12. Nf1 Ng4 13. h3 Ne5 14. Nxe5 Bxe5 15. f4
Bg7 16. Ne3 Nb5 17. Nc4 Nd4 18. a6 Bd7 19. Be3 b3 20. cxb3 Nxb3 21. Ra3 Nd4 22.
e5 Rb4 23. Bxd4 cxd4 24. Qxd4 Bb5 25. b3 Qc8 26. Qxa7 Bxc4 27. bxc4 Rxc4 28.
Qe3 Qa8 29. a7 Rfc8 30. Rb1 Rc2 31. Kh1 R2c5 32. Qb3 Rc1+ 33. Rxc1 Rxc1+ 34.
Kh2 Rc8 35. Qb5 Rd8 36. Qb6 Rd7 37. e6 1-0